000 00979nac a22002897a 4500
001 BR8800942
003 BR-BrBNA
005 20240105120715.0
008 230509b bl.|||m| |||| 00| 0 por d
040 _aBR-BrBNA
_bpor
_cBiblioteca Nacional de Agricultura
072 _aF30
090 _a0180 BR8800942
100 1 _aBraz, A.J.B.P.
100 1 _aEichler, V.
100 1 _aNunes Junior, J.
110 1 _aEmpresa Goiana de Pesquisa Agropecuaria, Goiania, GO (Brasil)
245 1 _aAvaliacao de linhagens/cultivares de trigo de sequeiro no sudoeste de Goias
246 1 _a[Valluation of wheat cultivars in the southeast of Goias]
260 3 _aGoiania, GO (Brasil):
_c1986.
300 _a5 p.
490 _aPesquisa em Andamento - Empresa Goiana de Pesquisa Agropecuaria (Brazil)
_vno. 29
_xISSN 0102-0773
650 _aTRIGO
650 _aCOMPETICAO DE VARIEDADE
650 _aGOIAS
909 _a202312
_bLúcia Elande
_c55
_dLúcia Elande
942 _2AGRIS
_n0
_cMS
999 _c280996
_d280996